| Tag |
First Indicator |
Second Indicator |
Subfields |
| LEADER |
00000cam a2200000 4500 |
| 001 |
in00000285437 |
| 005 |
20151010073045.0 |
| 008 |
701217s1958 ilu b 00100 eng |
| 010 |
|
|
|a 58006491
|
| 035 |
|
|
|a (OCoLC)00492322
|
| 035 |
|
|
|9 ABF0272AM
|
| 040 |
|
|
|a DLC
|c DLC
|d TXA
|d UtOrBLW
|
| 041 |
1 |
|
|a eng
|a ger
|
| 043 |
|
|
|a a-ii---
|
| 049 |
|
|
|a TXAM
|c 1 [905332]
|c 2 [478964]
|
| 050 |
0 |
0 |
|a BL2001
|b .W443
|
| 082 |
0 |
|
|a 294
|
| 100 |
1 |
|
|a Weber, Max,
|d 1864-1920.
|
| 240 |
1 |
0 |
|a Hinduismus und Buddhismus. English
|
| 245 |
1 |
4 |
|a The religion of India ;
|b the sociology of Hinduism and Buddhism /
|c Translated and edited by Hans H. Gerth and Don Martindale.
|
| 264 |
|
1 |
|a Glencoe, Ill. :
|b Free Press,
|c [1958]
|
| 300 |
|
|
|a 392 pages ;
|c 21 cm.
|
| 336 |
|
|
|a text
|b txt
|2 rdacontent
|
| 337 |
|
|
|a unmediated
|b n
|2 rdamedia
|
| 338 |
|
|
|a volume
|b nc
|2 rdacarrier
|
| 500 |
|
|
|a Translation of Hinduismus und Buddhismus, published as volume 2 of the author's Gesammelte Aufsatze zur Religionssoziologie.
|
| 504 |
|
|
|a Includes bibliography.
|
| 650 |
|
0 |
|a Hinduism.
|
| 650 |
|
0 |
|a Buddhism.
|
| 651 |
|
0 |
|a India
|x Religion.
|
| 651 |
|
0 |
|a India
|x Social conditions.
|
| 999 |
|
|
|a MARS
|
| 999 |
f |
f |
|s 73b62309-c026-353f-8530-0ec7544fc0ce
|i 6bb0d4c7-13cb-3f27-81a5-ae171decb6d9
|t 0
|
| 952 |
f |
f |
|p ric
|a Texas A&M University
|b Rellis Campus
|c Joint Library Facility
|d Remote Storage
|t 0
|e BL2001 .W443
|h Library of Congress classification
|i unmediated -- volume
|m A14801745333
|
| 952 |
f |
f |
|p normal
|a Texas A&M University
|b College Station
|c Sterling C. Evans Library
|d Evans: Library Stacks
|t 0
|e BL2001 .W443
|h Library of Congress classification
|i unmediated -- volume
|m A14801745341
|
| 998 |
f |
f |
|a BL2001 .W443
|t 0
|l Remote Storage
|
| 998 |
f |
f |
|a BL2001 .W443
|t 0
|l Evans: Library Stacks
|